| Поле | Инд. | ПП | Название | Значение |
|---|---|---|---|---|
| Тип записи | a | |||
| Библиографический уровень | m | |||
| 001 | Контрольный номер | d13ef7595f814fdfa44450193785234d | ||
| 005 | Дата корректировки | 20230829100119.6 | ||
| 020 | a | ISBN | 978-5-94836-603-6 | |
| 040 | b | Код языка каталог. | rus | |
| 041 | 0_ | a | Код языка текста | rus |
| 080 | a | Индекс УДК | 621.3.049.77 | |
| 084 | a | Индекс другой классификации/Индекс ББК | 32.844.1 | |
| 090 | a | Полочн. индекс | 621.382 | |
| x | Авторский знак | Б43 | ||
| 097 | b | Оператор | 02 | |
| 100 | 1_ | a | Автор | Белоус А. И. |
| 245 | 10 | a | Заглавие | Основы проектирования субмикронных микросхем |
| 260 | c | Дата издания | 2020 | |
| a | Место издания | Москва | ||
| b | Издательство | Техносфера | ||
| 300 | a | Объем | 782 с. | |
| 440 | _0 | a | Серия | Мир электроники |
| 510 | 0_ | a | Примечание о ссылках | Книги и методические пособия |
| 650 | 04 | a | Основная рубрика | 47.33 Твердотельные приборы |
| x | Основная подрубрика | 47.33.31 Интегральные микросхемы | ||
| 653 | 0_ | a | Ключевые слова | микросхемы; транзисторы; полупроводниковые приборы |
| 700 | 12 | a | Другие авторы | Красников Г. Я. |
| 700 | 12 | a | Другие авторы | Солодуха В. А. |
| 901 | t | Тип документа | m |